| 000 | 00561nam a2200193Ia 4500 | ||
|---|---|---|---|
| 005 | 20250326142003.0 | ||
| 008 | 250326s9999 xx 000 0 und d | ||
| 020 | _a1-85293-003-9 | ||
| 037 | _aTextbook | ||
| 040 |
_aFMSL _beng _cFMSL |
||
| 041 |
_aeng _2eng |
||
| 084 |
_aG:55:8 M8 _qFMSL |
||
| 100 |
_aTurner R Kerry _9270090 |
||
| 245 | 0 |
_aSustainable environmental management : Principles and practice _cTurner R Kerry |
|
| 260 |
_aLondon _bLondon, ESRC _c1988 |
||
| 300 | _aix,301. | ||
| 942 |
_cTB _hG:55:8 M8 |
||
| 999 |
_c1292924 _d1292924 |
||